Yoga For Healthy Life/ (Record no. 203162)
[ view plain ]
| 000 -LEADER | |
|---|---|
| fixed length control field | 00570nam a22001937a 4500 |
| 005 - DATE AND TIME OF LATEST TRANSACTION | |
| control field | 20240703144304.0 |
| 010 ## - LCCN (DPL NO) | |
| LC control number | ENG-140472 |
| 020 ## - INTERNATIONAL STANDARD BOOK NUMBER | |
| International Standard Book Number | 9789394609020 |
| Terms of availability | 700.00 |
| 035 ## - SYSTEM CONTROL NUMBER | |
| System control number | EN-124004 |
| 037 ## - SOURCE OF ACQUISITION | |
| Source of stock number/acquisition | DBAD |
| 082 ## - DEWEY DECIMAL CLASSIFICATION NUMBER | |
| Classification number | 181.452 |
| 100 ## - MAIN ENTRY--PERSONAL NAME | |
| Personal name | Moorthy A. M. |
| 245 ## - TITLE STATEMENT | |
| Title | Yoga For Healthy Life/ |
| Statement of responsibility, etc | By A. M. Moorthy |
| 260 ## - PUBLICATION, DISTRIBUTION, ETC. (IMPRINT) | |
| Name of publisher, distributor, etc | Sree Balaji Medical College & Hospital |
| Date of publication, distribution, etc | 2022 |
| Place of publication, distribution, etc | Chennai |
| 270 ## - ADDRESS | |
| Address | Chromepet, Chennai- Tamil Nadu |
| 300 ## - PHYSICAL DESCRIPTION | |
| Extent | 393p. |
| Dimensions | 24cm(pb) |
| 700 ## - ADDED ENTRY--PERSONAL NAME | |
| Personal name | Moorthy A. M. |
| Relator term | Author |
| 9 (RLIN) | 66728 |
| 942 ## - ADDED ENTRY ELEMENTS (KOHA) | |
| Source of classification or shelving scheme | Dewey Decimal Classification |
| Item type | English Books |
| Classification part | 181.452 |
| Call number suffix | MOO |
| Withdrawn status | Lost status | Not for loan | Collection code | Home library | Current library | Date acquired | Source of acquisition | Cost, normal purchase price | Full call number | Barcode | Copy number | Cost, replacement price | Koha item type |
|---|---|---|---|---|---|---|---|---|---|---|---|---|---|
| Non-fiction | Central Jail Tihar | Central Jail Tihar | 22/05/2024 | DBAD | 700.00 | 181.452 MOO | EN-124004 | 1 | 700.00 | English Books |
